An Introduction To The Study India History (Record no. 25212)

MARC details
000 -LEADER
fixed length control field 00439nam a2200181Ia 4500
008 - FIXED-LENGTH DATA ELEMENTS--GENERAL INFORMATION
fixed length control field 220531s9999 xx 000 0 und d
041 ## - LANGUAGE CODE
Language code of text/sound track or separate title eng
082 ## - DEWEY DECIMAL CLASSIFICATION NUMBER
Item number KOS
100 ## - MAIN ENTRY--PERSONAL NAME
Personal name Kosambi, D. D.
9 (RLIN) 42252
245 ## - TITLE STATEMENT
Title An Introduction To The Study India History
250 ## - EDITION STATEMENT
Edition statement 1ST
260 ## - PUBLICATION, DISTRIBUTION, ETC. (IMPRINT)
Name of publisher, distributor, etc. Popoular
Date of publication, distribution, etc. 1995
300 ## - PHYSICAL DESCRIPTION
Extent 415
542 ## - INFORMATION RELATING TO COPYRIGHT STATUS
Copyright holder 26-07-2000
650 ## - SUBJECT ADDED ENTRY--TOPICAL TERM
Topical term or geographic name as entry element History
9 (RLIN) 42253
906 ## - LOCAL DATA ELEMENT F, LDF (RLIN)
d 2000-2001
f 7581
Holdings
Withdrawn status Lost status Source of classification or shelving scheme Damaged status Not for loan Collection code Home library Current library Date acquired Vendor Cost, normal purchase price Total Checkouts Total Holds Full call number Barcode Date last seen Bill Date Koha item type Original Barcode
    Dewey Decimal Classification       Shri Siddhivinayak Mahila Mahavidyalaya Shri Siddhivinayak Mahila Mahavidyalaya 27/07/2000 International 175.00   1 /KOS/B/6196 SSMM-BK-6196 06/08/2022 06/08/2022 Books 010006196